Emergentné objekty – Ekologické, generované nábytkové objekty

Saved in:
Bibliographic Details
Main Author: Hagarová, Barbora (Author)
Other Authors: Uhrík, Martin (Thesis advisor)
Format: Manuscript Book
Language:Slovak
Published: 2024
Subjects:
Online Access:http://is.stuba.sk/zp/portal_zp.pl?podrobnosti=162180
Tags: Add Tag
No Tags, Be the first to tag this record!

MARC

LEADER 00000ntm a22000003a 4500
001 stuzp99970
003 SK-STU
005 20240615211712.5
007 ta
008 150427s2015----xo-----f-mn---000-0-slo-d
040 |a STU  |b slo 
041 0 |a slo 
100 1 |a Hagarová, Barbora  |u 052120  |4 aut  |U FAD Fakulta architektúry a dizajnu  |T FAD Ústav ekologickej a experimentálnej architektúry  |X 110413  |U A2120  |Y 393  |7 110413 
242 0 1 |a Emergent objects – Ecological, generated furniture objects  |y eng 
245 1 0 |a Emergentné objekty – Ekologické, generované nábytkové objekty 
260 |c 2024 
650 4 |a telo  |2 slo 
650 4 |a generatívne navrhovanie  |2 slo 
650 4 |a mycélium  |2 slo 
650 4 |a synergia  |2 slo 
650 4 |a ekosystém  |2 slo 
650 4 |a Physarum Polycephalum  |2 slo 
650 4 |a generative design  |2 eng 
650 4 |a ecosystem  |2 eng 
650 4 |a body  |2 eng 
650 4 |a Physarum Polycephalum  |2 eng 
650 4 |a synergy  |2 eng 
650 4 |a mycelium  |2 eng 
700 1 |a Uhrík, Martin  |u 052120  |k Z1  |4 ths  |U FAD Fakulta architektúry a dizajnu  |T FAD Ústav ekologickej a experimentálnej architektúry  |X 3746  |U A2120  |Y 393  |7 A000003746 
856 4 |u http://is.stuba.sk/zp/portal_zp.pl?podrobnosti=162180